| 000 | 00621nam a22002177a 4500 | ||
|---|---|---|---|
| 005 | 20170124110029.0 | ||
| 010 | _aA-118356 | ||
| 020 | _c00.00 | ||
| 035 | _aA-118356 | ||
| 037 | _bCen Lib/Ret | ||
| 040 |
_aDPL _bEN |
||
| 082 |
_a401 _bWIL |
||
| 100 |
_aWilson, John _921361 |
||
| 245 |
_aLanguage& the pursuit of truth / _cby John Wilson |
||
| 260 |
_aLondon _bCambridge university press _c1960 |
||
| 270 |
_aBentley house200,euston road _bLondon |
||
| 300 |
_axii,105p. _c18cm(Hb) |
||
| 650 |
_aLanguages _921362 |
||
| 650 |
_aLinguistic communication _921363 |
||
| 942 |
_2ddc _cEN _h401 _mWIL |
||
| 999 |
_c127730 _d127730 |
||